| 000 | 00993nam a2200193 i 4500 | ||
|---|---|---|---|
| 001 | 159016 | ||
| 003 | ES-MaACL | ||
| 005 | 20250730025325.0 | ||
| 008 | 040908s1889 fr |||| | fre d | ||
| 040 |
_aCAM _bspa _cCAM |
||
| 100 | 1 |
_aMartínez Vargas, Andrés, _d1861-1948 _978464 |
|
| 245 | 1 | 0 |
_aCongrès pour l'Etude de la Tuberculose chez l'homme et chez les animaux _b: 1re session du 25 au 31 juillet 1888 a Paris sous la présidence de A. Chauveau : Communication de Martinez Vargas (de Madrid), Valeur de la thérapeutique chirurgique dans les affections tuberculeuses. |
| 260 |
_aParis : _bG. Masson éditeur, _c1889 ( _fTyp. G. Chamerot) |
||
| 300 |
_a15 p. ; _c23 cm. |
||
| 650 | 0 | 7 |
_aTuberculosis _2embne _917658 |
| 711 | 2 | 1 |
_aCongrès pour l'Etude de la Tuberculose chez l'homme et chez les animaux ( _d1888. _cParis) _9135121 |
| 852 |
_aES-MaACL _jT-528-F-9 _z-- Enc. hol. _z-- Regado del autor a la Biblioteca del Ateneo _z-- Enc. en un vol. facticio |
||
| 999 |
_c159016 _d159016 |
||